000 00691nam a22002537a 4500
001 00095
003 DO-SdBNP
005 20180201103732.0
007 00095
008 160316b sp 1999 |||| 00| 0 spa d
020 _a9788440667854
040 _aBPMSU
_bspa
_cBPMSU
092 _axxxxxxxxx
_bxxxxxxxxx
100 1 0 _aStine, R. L.
245 1 3 _aEl monstruo baboso /
_cR. L. Stine ; traducción Marc Fahey
260 _aBarcelona :
_bEdiciones B.,
_bEl periódico,
_c1999.
300 _a140 p. :
_c20 cm.
490 0 _aPesadillas
_v53
700 1 0 _aFahey, Marc,
_etr.
830 0 _aPesadillas
_v53
942 _2ddc
_cBK
945 _aInventariado, 2018/ YL
956 _aYLOCKWARD
_b10
_cBPMSU
999 _c9257
_d9257